| 000 | 00777cam a22002175a 4500 | ||
|---|---|---|---|
| 008 | 230506s2017 xxk fo 000 0 eng d | ||
| 020 | _a 9781783213122 | ||
| 041 | 0 | _ade | |
| 110 | 2 |
_aRoyal Institution of Chartered Surveyors _94900 |
|
| 245 | 0 | 0 |
_aRICS Bewertung Globale Standards 2017 _h[electronic resource] |
| 246 | _aRICS Valuation Red Book 2017 German translation | ||
| 260 |
_aLondon, _bRICS, _c2017 |
||
| 300 | _a301p. | ||
| 490 | 0 | _aRICS Red Book | |
| 650 | 2 | 4 | _aRED BOOK |
| 650 | 2 | 4 | _aGLOBAL VALUATION STANDARDS 2017 |
| 651 | 4 | _aGermany | |
| 690 |
_aValuation _96273 |
||
| 856 | 4 | 0 |
_uhttps://www.rics.org/content/dam/ricsglobal/documents/standards/RICS%20Valuation%20-%20Red%20Book%202017%20-%20German%20translation.pdf _zView on RICS.org |
| 942 |
_n0 _2ddc |
||
| 999 |
_c121513 _d121513 |
||